00757nam a2200253Ia 4500008004000000020001500040041000800055082001600063100002100079245005900100260004900159300000800208650001100216650001800227650000700245650001600252650001300268650001000281650000800291690001500299906001100314999001900325952015900344210210b2000 xxu||||| |||| 00| 0 eng d a8170224225 aeng a150.76 AGRF aAGRAWAL (S P) Ed aFirst handbook of psychological and social instruments aNew DelhibConcept Publishing Company.c2000 a422 asocial apsychological aof ainstruments ahandbook aFirst aand aPsychology a063212 c133570d133570 001040708PsychologyaALbALcPsychologyd2021-02-17eShri Krishna Sahitya Sansthang500.00l0o150.76 AGRFp063212r2021-02-17 00:00:00w2021-02-17yBK